000 00665nam a22002057a 4500
003 OSt
005 20140310183105.0
008 130305t xxu||||| |||| 00| 0 eng d
050 _aDS 689.P37
_b.B39 2001
082 _aDS 689 P37
_bB39 2001
100 _aBaybay, Dulce Festin.
245 _aPalanyag to Paranaque :
_ba history
_cDulce Festin Baybay with the photography & digital imaging technology of Ariel Marquez-de Guzman
260 _aParanaque City :
_bCity of Paranaque,
_c2001.
300 _a329 p. :
_c30 cm.
650 _aParanaque City (Philippines)
_xHistory
942 _2lcc
_cBK
_kLOC
999 _c18781
_d18781